| 000 | 00699cam a22002053a 4500 | ||
|---|---|---|---|
| 001 | 39478 | ||
| 003 | PGUSA | ||
| 005 | 20140828083858.0 | ||
| 008 | 120418s2012||||xxu|||||s|||||000 | eng d | ||
| 040 |
_aPGUSA _beng |
||
| 042 | _adc | ||
| 245 | 1 | 4 |
_aThe Levellers : _bA Dialogue Between Two Young Ladies, Concerning Matrimony, Proposing an Act for Enforcing Marriage, for the Equality of Matches, and Taxing Single Persons _h[electronic resource] / _cAnonymous |
| 260 |
_bProject Gutenberg, _c2012 |
||
| 506 | _aPublic domain in the USA. | ||
| 516 | _aElectronic text | ||
| 653 | _aMarriage | ||
| 830 | 0 |
_aProject Gutenberg _v39478 |
|
| 856 | 4 | 0 | _uhttp://www.gutenberg.org/ebooks/39478 |
| 942 | _cEB | ||
| 999 |
_c268731 _d268731 |
||